| 000 | 01163nam a22002657a 4500 | ||
|---|---|---|---|
| 005 | 20110615101418.0 | ||
| 008 | 110615t xxu||||| |||| 00| 0 mar d | ||
| 010 | _aMAR--20962 | ||
| 020 |
_c175.00 _a9788174869340 |
||
| 035 | _aMR-13620 | ||
| 037 | _bDBAD / PUB | ||
| 040 |
_aDPL _bMR |
||
| 082 | _a891.46301 | ||
| 100 |
_aगजेन्द्रगडकर,मोनिका _928602 |
||
| 245 |
_aशिल्प / _cमोनिका गजेन्द्रगडकर |
||
| 246 |
_aShilp _bby Monika Gajendragadkar |
||
| 260 |
_aमुंबई _bमौज प्रकाशन गृह _c2011 |
||
| 270 |
_aखटाववाडी गिरगाव _bमुंबई _e400004 |
||
| 300 |
_a172पृ. _c21सेमी(अजिल्द) |
||
| 650 |
_aमराठी कथासंग्रह _928642 |
||
| 650 |
_aMarathi Short Stories _928643 |
||
| 700 | _928624 | ||
| 942 |
_2ddc _cMR _mगजेन्द्र _h891.46301 |
||
| 999 |
_c52989 _d52989 |
||